<?xml version="1.0" encoding="UTF-8"?>
<record
    xmlns:xsi="http://www.w3.org/2001/XMLSchema-instance"
    xsi:schemaLocation="http://www.loc.gov/MARC21/slim http://www.loc.gov/standards/marcxml/schema/MARC21slim.xsd"
    xmlns="http://www.loc.gov/MARC21/slim">

  <leader>02375nam a2200229 a 4500</leader>
  <controlfield tag="001">000036667</controlfield>
  <controlfield tag="005">20200930075849.0</controlfield>
  <controlfield tag="008">120124s2010    cl ad         000 0 spa d</controlfield>
  <datafield tag="020" ind1=" " ind2=" ">
    <subfield code="a">9789213234228</subfield>
  </datafield>
  <datafield tag="040" ind1=" " ind2=" ">
    <subfield code="a">DO-SdBNP</subfield>
    <subfield code="b">spa</subfield>
    <subfield code="c">BNPHU</subfield>
  </datafield>
  <datafield tag="082" ind1=" " ind2=" ">
    <subfield code="a">xxx</subfield>
    <subfield code="b">C966c</subfield>
  </datafield>
  <datafield tag="245" ind1="0" ind2="0">
    <subfield code="a">El cuidado en acci&#xF3;n :</subfield>
    <subfield code="b">entre el derecho y el trabajo /</subfield>
    <subfield code="c">coordinadoras Sonia Monta&#xF1;o Virreira, Coral Calder&#xF3;n Maga&#xF1;a ; pr&#xF3;logo Alicia B&#xE1;rcena.</subfield>
  </datafield>
  <datafield tag="260" ind1=" " ind2=" ">
    <subfield code="a">Santiago de Chile, :</subfield>
    <subfield code="b">Naciones Unidas, CEPAL</subfield>
    <subfield code="b">Agencia Espa&#xF1;ola de Cooperaci&#xF3;n</subfield>
    <subfield code="b">Fondo de Desarrollo de las Naciones Unidas,</subfield>
    <subfield code="c">2010.</subfield>
  </datafield>
  <datafield tag="300" ind1=" " ind2=" ">
    <subfield code="a">230p. :</subfield>
    <subfield code="b">il., diagrs. ;</subfield>
    <subfield code="c">24 cm.</subfield>
  </datafield>
  <datafield tag="490" ind1="1" ind2=" ">
    <subfield code="a">Cuadernos de la CEPAL</subfield>
    <subfield code="v">94</subfield>
  </datafield>
  <datafield tag="520" ind1=" " ind2=" ">
    <subfield code="a">"En este libro se exploran distintas aristas acerca del cuidado en la regi&#xF3;n, en el marco de los acuerdos del Consenso de Quito aprobado por los gobiernos en la d&#xE9;cima Conferencia Regional sobre la Mujer de Am&#xE9;rica Latina y el Caribe. La inserci&#xF3;n masiva y acelerada de la mujer en el mercado de trabajo, ha chocado con varios obst&#xE1;culos: la debilidad de las pol&#xED;ticas p&#xFA;blicas para promover las responsabilidades compartidas, la insuficiencia de servicios de cuidado, la dificultad de los hombres para compartir las tareas del hogar, la persistencia de prejuicios en las empresas, la sociedad y los medios. Gracias a los cambios educativos, demogr&#xE1;ficos y culturales las mujeres han salido de los hogares para buscar ingresos, aunque las pol&#xED;ticas p&#xFA;blicas han tardado en responder. El ingreso disponible en los hogares es cada vez m&#xE1;s escaso y esta nueva realidad social ha hecho que "el cuidado" en la sociedad se convierta en tema clave para lograr la igualdad entre hombres y mujeres. La llamada crisis del cuidado--sostiene Sonia Monta&#xF1;o--no es otra cosa que un s&#xED;ntoma de emancipaci&#xF3;n de las mujeres y cuestiona el supuesto de su disponibilidad constante. Ni el tiempo es el&#xE1;stico, ni las mujeres pueden seguir dotando a la sociedad de los cuidados que necesita. &#xBF;Qu&#xE9; hacer entonces con las ni&#xF1;as y ni&#xF1;os, con los adultos mayores que requieren compa&#xF1;&#xED;a, con los enfermos cr&#xF3;nicos, las personas con discapacidad?".</subfield>
  </datafield>
  <datafield tag="504" ind1=" " ind2=" ">
    <subfield code="a">Incluye referencias bibliogr&#xE1;ficas y notas a pie p&#xE1;gina.</subfield>
  </datafield>
  <datafield tag="700" ind1="1" ind2=" ">
    <subfield code="a">Monta&#xF1;o, Sonia</subfield>
    <subfield code="9">62946</subfield>
  </datafield>
  <datafield tag="700" ind1="1" ind2=" ">
    <subfield code="a">Calder&#xF3;n Maga&#xF1;a, Coral,</subfield>
    <subfield code="9">62947</subfield>
  </datafield>
  <datafield tag="700" ind1="1" ind2=" ">
    <subfield code="a">B&#xE1;rcena, Alicia,</subfield>
    <subfield code="e">pr&#xF3;l.</subfield>
    <subfield code="9">53433</subfield>
  </datafield>
  <datafield tag="830" ind1=" " ind2="0">
    <subfield code="a">Cuadernos de la CEPAL</subfield>
    <subfield code="v">94</subfield>
    <subfield code="9">3079</subfield>
  </datafield>
  <datafield tag="952" ind1=" " ind2=" ">
    <subfield code="0">0</subfield>
    <subfield code="1">0</subfield>
    <subfield code="5">0</subfield>
    <subfield code="7">1</subfield>
    <subfield code="8">MO</subfield>
    <subfield code="a">GR</subfield>
    <subfield code="b">GR</subfield>
    <subfield code="c">CT</subfield>
    <subfield code="d">2012-01-24</subfield>
    <subfield code="i">LF1</subfield>
    <subfield code="l">0</subfield>
    <subfield code="o">xxx C966c</subfield>
    <subfield code="p">36667-10</subfield>
    <subfield code="r">2020-06-25</subfield>
    <subfield code="w">2020-06-25</subfield>
    <subfield code="y">1</subfield>
    <subfield code="Z">No se presta</subfield>
  </datafield>
  <datafield tag="999" ind1=" " ind2=" ">
    <subfield code="c">36158</subfield>
    <subfield code="d">36158</subfield>
  </datafield>
</record>
